Managing reality (Record no. 116163)

MARC details
000 -LEADER
fixed length control field 01100cam a22002655a 4500
001 - CONTROL NUMBER
control field L159939
008 - FIXED-LENGTH DATA ELEMENTS--GENERAL INFORMATION
fixed length control field 180409s2018 xxk f 001 0 eng d
020 ## - INTERNATIONAL STANDARD BOOK NUMBER
International Standard Book Number 9780727761866
035 ## - SYSTEM CONTROL NUMBER
System control number (Sirsi) u159939
041 0# - LANGUAGE CODE
Language code of text/sound track or separate title eng
050 04 - LIBRARY OF CONGRESS CALL NUMBER
Classification number F692.8
100 1# - MAIN ENTRY--PERSONAL NAME
Personal name Mitchell, Bronwyn
245 00 - TITLE STATEMENT
Title Managing reality
Remainder of title book 3
-- managing the contract
250 ## - EDITION STATEMENT
Edition statement 3 ed
260 ## - PUBLICATION, DISTRIBUTION, ETC.
Place of publication, distribution, etc. London
Name of publisher, distributor, etc. ICE Publishing
Date of publication, distribution, etc. 2018
300 ## - PHYSICAL DESCRIPTION
Extent xix, 86p.
Dimensions 30cm.
490 #0 - SERIES STATEMENT
Series statement Managing Reality
Volume/sequential designation 3
520 ## - SUMMARY, ETC.
Summary, etc. Third of a five part volume on managing the ECC contract is intended for those who use the contract on a daily basis. Covers payment procedures including application for payment, when assessments take place, issue of payment certificates, invoicing and when payment takes place. Then discusses aspects relating to the contractor's programme and also the control of quality. Concludes by discussing disputes and dispute resolution.
520 ## - SUMMARY, ETC.
Summary, etc. Supersedes 2 ed (ISBN 9780727757227)
651 #4 - SUBJECT ADDED ENTRY--GEOGRAPHIC NAME
Geographic name United Kingdom
Chronological subdivision
690 ## - LOCAL SUBJECT ADDED ENTRY--TOPICAL TERM (OCLC, RLIN)
Topical term or geographic name as entry element Contracts
9 (RLIN) 6232
700 1# - ADDED ENTRY--PERSONAL NAME
Personal name Trebes, Barry
856 48 - ELECTRONIC LOCATION AND ACCESS
Uniform Resource Identifier <a href=""></a>
Public note
942 ## - ADDED ENTRY ELEMENTS (KOHA)
Suppress in OPAC 0
Holdings
Withdrawn status Lost status Source of classification or shelving scheme Damaged status Not for loan Home library Current library Shelving location Date acquired Total Checkouts Full call number Barcode Date last seen Copy number Price effective from Koha item type
    Dewey Decimal Classification     London London Folio 09/04/2018   F692.8 MIT 30078945 06/08/2019 1 06/08/2019 Book